00621nam a22001937a 4500003000400000005001700004008004100021020001500062040000900077100002200086245015000108260002700258300001100285490002500296650003600321650002300357700002400380700002300404OSt20151104100601.0130515s1996 sp ||||| |||| 00| 0 spa d a8434412705 cCDMR1 aArmañanzas, Emy13aEl periodismo electrónicob: información y servicios multimedia en la era del ciberespaciocEmy Armañanzas, Javier Díaz Noci y Koldo Meso aBarcelonabArielc1996 a249 p.0 aAriel Comunicación04aPeriodismexManuals, guies, etc04aPeriodisme digital1 aDíaz Noci, Javier1 aMeso Ayerdi, Koldo